Cereals and pulses (Record no. 147139)
[ view plain ]
| 000 -LEADER | |
|---|---|
| fixed length control field | 01569nam a2200397 a 4500 |
| 082 04 - DEWEY DECIMAL CLASSIFICATION NUMBER | |
| Classification number | 641.3/31 |
| 245 00 - TITLE STATEMENT | |
| Title | Cereals and pulses |
| 260 ## - PUBLICATION, DISTRIBUTION, ETC. (IMPRINT) | |
| Place of publication | Ames, Iowa : |
| Name of publisher | Wiley-Blackwell, |
| Year of publication | 2012. |
| 300 ## - PHYSICAL DESCRIPTION | |
| Number of Pages | xi, 314 p. : |
| Other physical details | ill. |
| 490 1# - SERIES STATEMENT | |
| Series statement | Functional food science and technology series |
| 650 #0 - SUBJECT ADDED ENTRY--TOPICAL TERM | |
| Topical Term | Cereals as food. |
| Topical Term | Legumes as food. |
| Topical Term | Functional foods. |
| Topical Term | Grain in human nutrition. |
| Topical Term | Vegetables in human nutrition. |
| 700 1# - ADDED ENTRY--PERSONAL NAME | |
| Personal name | Yu, Liangli. |
| Personal name | Cao, Rong. |
| Personal name | Shahidi, Fereidoon, |
| 856 40 - ELECTRONIC LOCATION AND ACCESS | |
| Uniform Resource Identifier | http://site.ebrary.com/lib/rucke/Doc?id=10531493 |
No items available.
